000 01490nam a2200385Ia 4500
005 20220317001834.0
007 ta
008 210805s2014 sp a jr 000 jdspa d
020 _a9788437632957
040 _aCO-BoRNBP
_bspa
_cCO-BoRNBP
_erda
041 0 _aspa
084 _aC HOF1
100 1 _aHoffmann, Ernst Theodor Amadeus
_d1776-1822
_eautor
245 1 0 _aCuentos
_cE.T.A. Hoffmann ; traducciones de Celia y Rafael Lupiani, Julio Sierra ; edición, introducción y notas de Emilio Pascual
250 _aPrimera edición
264 1 _aMadrid
_bEdiciones Cátedra
_c2014
300 _a1629 páginas
_bilustraciones
_c21 cm
336 _atexto
_btxt
_2rdacontent
337 _asin mediación
_bn
_2rdamedia
338 _avolumen
_bnc
_2rdacarrier
490 0 _aBiblioteca Avrea
504 _aIncluye referencias bibliográficas
521 _aRecomendado para un público mayor de 15 años
545 _aIncluye datos biográficos del autor al inicio del texto
600 1 4 _aHoffmann, Ernst Theodor Amadeus
_d1776-1822
_tCuentos
_xCrítica e interpretación
_9178703
650 1 7 _aCuentos alemanes
_ySiglo XVIII
_2LEMB
650 1 7 _aLiteratura alemana
_ySiglo XVIII
_2LEMB
650 1 7 _aVida cotidiana
_vCuentos
_2LEMB
650 1 7 _aAmistad
_vCuentos
_2LEMB
650 1 7 _aEnfermedades
_vCuentos
_2LEMB
700 1 _aPascual, Emilio
_d1948-
_eprologuista
_977741
700 1 _aLupiani, Celia
_etraductora
_9178708
700 1 _aLupiani, Rafael
_etraductor
_9178709
942 _2loc
_cBKLIT
999 _c8266
_d8266